Navras/ (Record no. 37960)
[ view plain ]
| 000 -LEADER | |
|---|---|
| fixed length control field | 00718njmaa2200229 a 4500 |
| 001 - CONTROL NUMBER | |
| control field | 37960 |
| 003 - CONTROL NUMBER IDENTIFIER | |
| rucl marc code | (BD-RjUL) |
| 005 - DATE AND TIME OF LATEST TRANSACTION | |
| control field | 20211209052709.0 |
| 008 - FIXED-LENGTH DATA ELEMENTS--GENERAL INFORMATION | |
| fixed length control field | 150818b ii ||kdgs|||| 00| 0 eng d |
| 035 ## - SYSTEM CONTROL NUMBER | |
| System control number | (BD-RjUL)38065 |
| 040 ## - CATALOGING SOURCE | |
| Original cataloging agency | BD-RjUL |
| Language of cataloging | eng |
| 082 ## - DEWEY DECIMAL CLASSIFICATION NUMBER | |
| Edition number | 22 |
| Classification number | 782.6 |
| Author mark and year | SUN 2010 |
| 100 ## - MAIN ENTRY--PERSONAL NAME | |
| Personal name | Sultana, Begum Parveen. |
| 9 (RLIN) | 117591 |
| 245 ## - TITLE STATEMENT | |
| Title | Navras/ |
| Statement of responsibility, etc. | Begum Parveen Sultana |
| Medium | [sound recording] |
| 260 ## - PUBLICATION, DISTRIBUTION, ETC. (IMPRINT) | |
| Place of publication, distribution, etc. | Mumbai: |
| Name of publisher, distributor, etc. | Anant Electronics Pvt. Ltd., |
| Date of publication, distribution, etc. | c & p2010. |
| 300 ## - PHYSICAL DESCRIPTION | |
| Pagination | 1 sound disc : |
| Illustrations | digital, analog ; |
| Size | 4 3/4 in. |
| Accompanying material | songs |
| 500 ## - GENERAL NOTE | |
| General note | Compact disc. |
| 600 ## - SUBJECT ADDED ENTRY--PERSONAL NAME | |
| Personal name | Begum Parveen Sultana |
| Geographic subdivision | India |
| 650 ## - SUBJECT ADDED ENTRY--TOPICAL TERM | |
| Topical term or geographic name as entry element | Indian song |
| Geographic subdivision | India. |
| 9 (RLIN) | 117592 |
| Topical term or geographic name as entry element | Vocal Music |
| Geographic subdivision | India |
| 9 (RLIN) | 118006 |
| 942 ## - ADDED ENTRY ELEMENTS (KOHA) | |
| Source of classification or shelving scheme | Dewey Decimal Classification |
| Koha item type | Audio Visual (AV) Materials |
| Lost status | Source of classification or shelving scheme | Damaged status | Not for loan | Permanent Location | Current Location | Shelving location | Date acquired | Cost, normal purchase price | Total Checkouts | Full call number | Date last seen | Copy number | Koha item type |
|---|---|---|---|---|---|---|---|---|---|---|---|---|---|
| Dewey Decimal Classification | Not For Loan | Central Library, University of Rajshahi | Central Library, University of Rajshahi | Audio Visual Section | 18/08/2015 | 295.00 | AV 782.6 SUN 2010 | 18/08/2015 | C.1 | Audio Visual (AV) Materials |